Obálka Náhled e-knihy:
PDF
Pro půjčování e-knih musíte být přihlášeni.
Jak si půjčit online?

Zmizelá Šumava /

Kniha Zmizelá Šumava vypráví 21 příběhů o životě a místech, která na dnešních mapách Šumavy už nenaleznete. Do osudů obyvatel na pomezí českoněmecké hranice totiž nemilosrdně zasáhly „velké“ dějiny 20. století, nejprve obě světové války, poté odsun německých obyvatel, neprodyšné uzavření hranice a v...

Celý popis

Uloženo v:
Hlavní autor: Fischer, Jan (Autor)
Médium: E-kniha
Jazyk:Czech
Vydáno: Praha : Albatros Media a.s., 2020
Tagy:
Žádné tagy
LEADER 01359nam a22002297i 4500
001 311198
007 ta
008 260601s2020 xr ||||| |||| 00| 0 cze d
020 |a 9788074733901 
044 |a xr 
100 1 |a  Fischer, Jan  |4 aut 
245 1 0 |a Zmizelá Šumava /  |c  Fischer, Jan 
264 1 |a Praha :  |b Albatros Media a.s.,  |c 2020 
300 |a 1 online zdroj (160 stran) 
336 |a text  |b txt  |2 rdacontent 
337 |a bez média  |b n  |2 rdamedia 
338 |a online zdroj  |b cr  |2 rdacarrier 
520 2 |a Kniha Zmizelá Šumava vypráví 21 příběhů o životě a místech, která na dnešních mapách Šumavy už nenaleznete. Do osudů obyvatel na pomezí českoněmecké hranice totiž nemilosrdně zasáhly „velké“ dějiny 20. století, nejprve obě světové války, poté odsun německých obyvatel, neprodyšné uzavření hranice a vytvoření vojenského výcvikového prostoru Dobrá voda, kterému musely ustoupit nuceně vysídlené obce i osady. 
910 |a RBIT002 
998 |d 206986  |a https://core.palmknihy.cz/api/books/206986/cover?qbdvpn  |b https://core.palmknihy.cz/api/books/206986/cover/400?qbdvpn  |c https://core.palmknihy.cz/api/books/206986/cover/50?qbdvpn  |e 2030-12-31  |g 160  |i 9788074733901  |k https://core.palmknihy.cz/api/books/206986/preview.pdf  |l   |q 49  |r 1  |s https://www.palmknihy.cz/kniha/206986  |t ebook  |y 2020  |z 1 
999 |d 311196